Southville International School and Colleges
Your cart is empty.
  • Cart
  • Lists
    Public lists Eva Luna New books Lux_list list_1
    Your lists Log in to create your own lists
  • Log in to your account
  • Your cookies
  • Search history
Southville International School and Colleges
  • Advanced search
  • Recent comments
  • Most popular
  • Libraries

Log in to your account

Log in with GOOGLE


If you do not have an external account, but do have a local account, you can still log in:

  1. Home
  2. MARC view: Wiley practitioner's guide to GAAP 2025 :
Normal view MARC view ISBD view

Wiley practitioner's guide to GAAP 2025 : (Record no. 368064)

[ view plain ]
MARC details
000 -LEADER
fixed length control field 00788nam a22002057a 4500
003 - CONTROL NUMBER IDENTIFIER
control field 0
005 - DATE AND TIME OF LATEST TRANSACTION
control field 20250923095251.0
008 - FIXED-LENGTH DATA ELEMENTS--GENERAL INFORMATION
fixed length control field 250923b xxu||||| |||| 00| 0 eng d
020 ## - INTERNATIONAL STANDARD BOOK NUMBER
International Standard Book Number 978-1-394-19974-7
050 ## - LIBRARY OF CONGRESS CALL NUMBER
Classification number HF 5616.U5
Item number .F56 2025
100 ## - MAIN ENTRY--PERSONAL NAME
Personal name Flood, Joanne M.,
Relator term author.
245 ## - TITLE STATEMENT
Title Wiley practitioner's guide to GAAP 2025 :
Remainder of title interpretation and application of generally accepted accounting principles /
Statement of responsibility, etc Joanne M. Flood.
260 ## - PUBLICATION, DISTRIBUTION, ETC. (IMPRINT)
Place of publication, distribution, etc Hoboken, New Jersey :
Name of publisher, distributor, etc John Wiley & Sons, Inc.,
Date of publication, distribution, etc 2025.
300 ## - PHYSICAL DESCRIPTION
Extent xix, 1338 pages :
Other physical details illustrations ;
Dimensions 24 cm.
504 ## - BIBLIOGRAPHY, ETC. NOTE
Bibliography, etc Includes index.
650 ## - SUBJECT ADDED ENTRY--TOPICAL TERM
Topical term or geographic name as entry element Accounting
General subdivision Standards
Geographic subdivision United States.
650 ## - SUBJECT ADDED ENTRY--TOPICAL TERM
Topical term or geographic name as entry element Financial statements
Geographic subdivision United States.
650 ## - SUBJECT ADDED ENTRY--TOPICAL TERM
Topical term or geographic name as entry element Generally accepted accounting principles
Geographic subdivision United States.
942 ## - ADDED ENTRY ELEMENTS (KOHA)
Source of classification or shelving scheme Library of Congress Classification
Koha item type Books
Holdings
Withdrawn status Lost status Source of classification or shelving scheme Damaged status Home library Current library Shelving location Date acquired Source of acquisition Sub Shelving location Total Checkouts Full call number Barcode Date last seen Price effective from Koha item type
    Library of Congress Classification   College Library College Library Reserve Section 06/04/2025 Library Fund     HF 5616.U5 .F56 2025 C25181 09/23/2025 09/23/2025 Books

Wiley practitioner's guide to GAAP 2025 :

APA

Flood J. M., . (2025). Wiley practitioner's guide to GAAP 2025. Hoboken, New Jersey: John Wiley & Sons, Inc.

Chicago

Flood Joanne M, . 2025. Wiley practitioner's guide to GAAP 2025. Hoboken, New Jersey: John Wiley & Sons, Inc.

Harvard

Flood J. M., . (2025). Wiley practitioner's guide to GAAP 2025. Hoboken, New Jersey: John Wiley & Sons, Inc.

MLA

Flood Joanne M, . Wiley practitioner's guide to GAAP 2025. Hoboken, New Jersey: John Wiley & Sons, Inc. 2025.

  • Place hold
  • Print
  • Cite
  • Add to your cart (remove)
  • Save record
    BIBTEX Dublin Core MARCXML MARC (non-Unicode/MARC-8) MARC (Unicode/UTF-8) MARC (Unicode/UTF-8, Standard) MODS (XML) RIS
  • More searches
    Search for this title in:
    Other Libraries (WorldCat) Other Databases (Google Scholar) Online Stores (Bookfinder.com) Open Library (openlibrary.org)

Exporting to Dublin Core...

SOUTHVILLE LIBRARY

Southville International School and Colleges Library

1281 Tropical Ave. Cor. Luxembourg St., BF Homes International, Las Pinas City

Tel. No. 8256374 / 252358 Loc. 117/146

Powered by Koha